Obálka
Pro půjčování e-knih musíte být přihlášeni.
Jak si půjčit online?

Když přišli psi /

Román české autorky vypráví poválečnou historii malého městečka v Beskydech. Zapletený příběh viny a trestu se rozplete zcela nečekaně.

Uloženo v:
Hlavní autor: Wilková, Scarlett, 1969- (Autor)
Další autoři: Borová, Magdaléna, 1981- (Autor), Tůma, Daniel, 1978- (Vypravěč-komentátor)
Médium: E-audiokniha
Jazyk:Czech
Vydáno: Praha : Voxi, [2024]
Témata:
Tagy:
Žádné tagy
LEADER 04235nim a2200925 i 4500
001 313364
003 CZ PrSKC
005 20260601215740.0
007 sd fungnnmmned
008 241121t20242024xr nnnng f n cze
015 |a cnb003644179 
020 |a 9788074482311 :  |c Kč 449,00 
040 |a ABA001  |b cze  |e rda 
072 7 |a 821.162.3-3  |x Česká próza  |2 Konspekt 
080 |a 821.162.3-31  |2 MRF 
080 |a (0:82-311.6)  |2 MRF 
080 |a (086.7)08  |2 MRF 
080 |a (086.76)  |2 MRF 
100 1 |a Wilková, Scarlett,  |d 1969-  |7 xx0067867  |4 aut 
245 1 0 |a Když přišli psi /  |c Scarlett Wilková 
264 1 |a Praha :  |b Voxi,  |c [2024] 
264 4 |c ©2024 
300 |a 1 audiodisk (9 hod., 1 min.) ;  |c 12 cm 
306 |a 090100 
336 |a mluvené slovo  |b spw  |2 rdacontent 
337 |a audio  |b s  |2 rdamedia 
338 |a audiodisk  |b sd  |2 rdacarrier 
344 |a digital  |b optical  |2 rda 
347 |a audio soubor  |b MP3  |2 rda 
500 |a Název z disku 
500 |a Copyright Albatros Media 
500 |a Nezkrácená audiokniha ve formátu MP3 
508 |a Režie, Daniel Tůma 
511 0 |a Čte Magdaléna Borová 
518 |o Nahráno  |d 2024  |p studio Karpofon 
520 2 |a Román české autorky vypráví poválečnou historii malého městečka v Beskydech. Zapletený příběh viny a trestu se rozplete zcela nečekaně.  |b Některá tajemství by měla zůstat navždy skryta - je lepší nevědět, že hrdinové, kterým jsme vystavěli pomníky, ve skutečnosti mnoha lidem ublížili. Živa, Ludmila, Slávek, Ondráš i Karel mají co tajit. Ale kdo je může soudit, když prožili mládí v době, kdy se obyvatelé Beskyd báli partyzánů stejně jako německých vojáků? A lze rozpoznat dobro od zla, když máte nevratně zjizvenou duši? Hory na Valašsku dodnes skrývají příběhy velkých lásek a nenaplněných snů. Nadešel čas je vyprávět... Nakladatelská anotace. 
655 7 |a české romány  |7 fd133974  |2 czenas 
655 7 |a historické romány  |7 fd132414  |2 czenas 
655 7 |a audioknihy  |7 fd119452  |2 czenas 
655 7 |a kompaktní disky  |7 fd201991  |2 czenas 
655 9 |a Czech fiction  |2 eczenas 
655 9 |a historical novels  |2 eczenas 
655 9 |a audiobooks  |2 eczenas 
655 9 |a compact discs  |2 eczenas 
700 1 |a Borová, Magdaléna,  |d 1981-  |7 jo2006362161  |4 nrt 
700 1 |a Tůma, Daniel,  |d 1978-  |7 xx0131764  |4 drt 
900 |a ABA001  |b 19 
928 9 |a Albatros Media 
044 |a xr 
505 0 0 |t 01_Kapitola 1 (35 min., 33 sek.) 
505 0 0 |t 02_Kapitola 2 (7 min., 57 sek.) 
505 0 0 |t 03_Kapitola 3 (20 min., 37 sek.) 
505 0 0 |t 04_Kapitola 4 (25 min., 38 sek.) 
505 0 0 |t 05_Kapitola 5 (20 min., 49 sek.) 
505 0 0 |t 06_Kapitola 6 (13 min., 21 sek.) 
505 0 0 |t 07_Kapitola 7 (15 min., 19 sek.) 
505 0 0 |t 08_Kapitola 8 (11 min., 41 sek.) 
505 0 0 |t 09_Kapitola 9 (17 min., 15 sek.) 
505 0 0 |t 10_Kapitola 10 (17 min., 5 sek.) 
505 0 0 |t 11_Kapitola 11 (20 min., 7 sek.) 
505 0 0 |t 12_Kapitola 12 (19 min., 35 sek.) 
505 0 0 |t 13_Kapitola 13 (24 min., 43 sek.) 
505 0 0 |t 14_Kapitola 14 (11 min., 32 sek.) 
505 0 0 |t 15_Kapitola 15 (19 min., 28 sek.) 
505 0 0 |t 16_Kapitola 16 (17 min., 50 sek.) 
505 0 0 |t 17_Kapitola 17 (25 min., 8 sek.) 
505 0 0 |t 18_Kapitola 18 (25 min., 37 sek.) 
505 0 0 |t 19_Kapitola 19 (18 min., 18 sek.) 
505 0 0 |t 20_Kapitola 20 (19 min., 18 sek.) 
505 0 0 |t 21_Kapitola 21 (18 min., 41 sek.) 
505 0 0 |t 22_Kapitola 22 (8 min., 41 sek.) 
505 0 0 |t 23_Kapitola 23 (30 min., 42 sek.) 
505 0 0 |t 24_Kapitola 24 (8 min., 43 sek.) 
505 0 0 |t 25_Kapitola 25 (15 min., 33 sek.) 
505 0 0 |t 26_Kapitola 26 - cast prvni (13 min., 57 sek.) 
505 0 0 |t 27_Kapitola 26 - cast druha (31 min., 11 sek.) 
505 0 0 |t 28_Kapitola 26 - cast treti (26 min., 45 sek.) 
910 |a RBIT002 
998 |d 414055  |a https://core.palmknihy.cz/api/books/414055/cover?sjjm3q  |b https://core.palmknihy.cz/api/books/414055/cover/400?sjjm3q  |c https://core.palmknihy.cz/api/books/414055/cover/50?sjjm3q  |e 2034-12-31  |i 9788074482311  |l 56460  |q 49  |r 1  |s https://www.palmknihy.cz/kniha/414055  |t audiobook  |y 2024  |z 0 
999 |d 313362